|
|
|
|
| LEADER |
00000nab a2200000 ar4500 |
| 001 |
vtls008702627 |
| 003 |
SK-MaSNL |
| 005 |
20260303073619.0 |
| 008 |
060522c2006 xo |||||||||||000 b|slo |
| 015 |
|
|
|a SNBRB2006/05
|2 snkbucl
|
| 038 |
|
|
|a SNKBUCL
|
| 040 |
|
|
|a SNKBUCL
|b slo
|c SNKBUCL
|e AACR2
|
| 041 |
0 |
|
|a slo
|b eng
|b slo
|
| 044 |
|
|
|a xo
|c SK
|
| 080 |
|
|
|a 625.115
|2 1997
|
| 080 |
|
|
|a 625.14
|2 1997
|
| 100 |
1 |
|
|a Karabinová, Mária,
|d 1947-
|4 aut
|9 39403
|
| 245 |
1 |
0 |
|a Optimalizácia parametrov prevýšenia koľaje v oblúkoch modernizovaných tratí
|c Mária Karabinová, Janka Šestáková, Ján Špánik
|
| 246 |
3 |
4 |
|a The cant parameters optimisation in curves of the modernised lines
|
| 300 |
|
|
|b Fotogr., grafy
|
| 500 |
|
|
|a Biogr. údaje
|
| 504 |
|
|
|a Bibliogr. odkazy
|
| 546 |
|
|
|a Res. angl., slov.
|
| 650 |
0 |
7 |
|a železničné koľajové oblúky
|2 snkbucl
|9 1075481
|
| 650 |
0 |
7 |
|a geometrická poloha koľaje
|2 snkbucl
|9 408489
|
| 650 |
0 |
7 |
|a prevýšenie
|2 snkbucl
|9 1075482
|
| 650 |
0 |
7 |
|a navrhovanie
|2 snkbucl
|9 278395
|
| 650 |
0 |
7 |
|a železničné koľaje
|2 snkbucl
|9 85403
|
| 700 |
1 |
|
|a Šestáková, Janka
|4 aut
|9 49012
|
| 700 |
1 |
|
|a Špánik, Ján,
|d 1944-
|4 aut
|9 39404
|
| 773 |
0 |
|
|t Civil and environmental engineering = Stavebné a environmentálne inžinierstvo
|g Roč. 2, č. 1 (2006), s. 19-24
|x 1336-5835
|
| 852 |
|
|
|a SNK
|b KIS3GCP
|
| 958 |
|
|
|a NB
|
| 999 |
|
|
|c 1768401
|d 1770331
|